000 01279nam0a2200325 4500
001 RU\NLR\BIBL_A\022472609
005 20260408161922.0
010 _a978-5-4448-2558-7
_91000
035 _a(NLR Aleph) 022472609
090 _a13370569
_c13370569
100 _a20250227d2024 |||y0rusy50 ca
101 1 _arus
_ceng
102 _aRU
105 _ay z 000zy
181 0 _ai
_baxxe
182 0 _an
200 1 _aУмо-зрение
_eустройство и социальная жизнь городов
_eпер. с англ.
_fРичард Сеннет
203 _aТекст
_bвизуальный
_cнепосредственный
210 _aМосква
_cНовое литературное обозрение
_d2024
215 _a325, [1] с.
_d22
225 1 _aStudia urbanica
320 _aБиблиогр. в подстроч. примеч.
606 1 _aЧеловек и город
_9933265
_3RU\NLR\AUTH\66344001
606 _aГорода
_xПланировка и строительство
_xСоциологические исследования
_3RU\NLR\AUTH\66317733
_91474381
686 1 _aС550.661
700 1 _aСеннет
_bР.
_f1943-
_gРичард
942 _cBOOK
980 _aNB